| 000 | 00936nam a22002417a 4500 | ||
|---|---|---|---|
| 005 | 20100331102847.0 | ||
| 008 | 100331t xxu||||| |||| 00| 0 eng d | ||
| 010 | _aENG-95929 | ||
| 020 |
_a0198063784 _c695.00 |
||
| 020 |
_a9780198063780 _c695.00 |
||
| 035 | _aEN-79462 | ||
| 037 | _bDBAD/PUB | ||
| 040 | _aDPL | ||
| 082 | _a330.954 | ||
| 100 | _aRoy, Tirthankar | ||
| 245 |
_aCompany of kinsmen: _benterprise and community in south asian history 1700-1940 / _cby Tirthankar Roy |
||
| 260 |
_aNew Delhi _bOxford university press _c2010 |
||
| 270 |
_aYMCA library building, Jai Singh Road _bNew Delhi _e110001 |
||
| 300 |
_axiii, 252p. : _c24cm. (Hb) |
||
| 500 | _aincludes bibliography and index | ||
| 942 |
_2ddc _cEN _mROY _h330.954 |
||
| 999 |
_c34923 _d34923 |
||